Outlines of the Oceania (Very Hard +) - Statistics

General Stats
  • This quiz has been taken 19 times
    6 since last reset
  • The average score is 12 of 31
Answer Stats
Picture Hint Answer % Correct
New Zealand
100%
Australia
80%
Juan Fernández Islands Chile
80%
Hawaii
80%
Indonesia
80%
Ogasawara Village Japan
80%
Papua New Guinea
80%
Samoa
80%
United States
80%
Nauru
60%
New Caledonia
60%
Solomon Islands
60%
Kiribati
40%
Northern Mariana Islands
40%
Vanuatu
40%
Federated States of Micronesia
20%
Fiji
20%
Marshall Islands
20%
Niue
20%
Norfolk Island
20%
Palau
20%
Tonga
20%
Tuvalu
20%
American Samoa
0%
Cook Islands
0%
Easter Island
0%
French Polynesia
0%
Guam
0%
Pitcairn Islands
0%
Tokelau
0%
Wallis and Futuna
0%
No matching quizzes found
Score Distribution
Percent of People with Each Score
Percentile by Number Answered
Your Score History
You have not taken this quiz since the last reset